| 000 | 00885nam a2200217Ia 4500 | ||
|---|---|---|---|
| 001 | 17147 | ||
| 003 | GE_BSU | ||
| 008 | 181216s||||||||xx |||||||||||||| ||und|| | ||
| 040 | _cGE_BSU | ||
| 080 | _a821.353.1 + 821.353.1-31 | ||
| 100 | _aგამსახურდია, კ. (კონსტანტინე, 1891-1975) | ||
| 245 | _aთხზულებანი 10 ტომად. ტ. 3. დავით აღმაშენებელი : ტეტრალოგია. წ. 3 და 4. | ||
| 245 | _cრედ. ლ.ნანიტაშვილი | ||
| 260 | _aთბილისი | ||
| 260 | _bსაბჭ. საქართველო | ||
| 260 | _c1975 | ||
| 300 | _a797 გვ. 22 სმ | ||
| 653 | _aდავით აღმაშენებელი : ტეტრალოგია. | ||
| 653 | _aთხზულებანი | ||
| 942 | _cBK | ||
| 999 |
_c50209 _d50209 |
||